| 000 | 01512nam a22003857a 4500 | ||
|---|---|---|---|
| 003 | CHAP | ||
| 005 | 20220329133804.0 | ||
| 008 | 971013s1984 r 00010 d | ||
| 010 | _a10929 | ||
| 011 | _a11901 | ||
| 035 | _a11706 | ||
| 040 | _cCHAP | ||
| 082 |
_a636.08 _bS37 |
||
| 100 | 0 | 0 |
_aSánchez Durón, Arturo. _9107482 |
| 245 | _aTecnificación de la ganadería mexicana | ||
| 260 |
_aMéxico : _bLimusa, _c1984 |
||
| 300 | _a356 p. | ||
| 590 |
_aBATCH-UPD _b10 _c20130110 _lUCH01 _h1226 |
||
| 590 |
_aBATCH-UPD _b10 _c20130410 _lUCH01 _h0758 |
||
| 590 |
_aBATCH-UPD _b10 _c20130914 _lUCH01 _h1455 |
||
| 590 |
_aCONVERSION _b10 _c20130109 _lUCH01 _h1307 |
||
| 650 | 1 | 4 |
_aGanadería _xInnovaciones tecnológicas. _944755 |
| 650 | 1 | 4 |
_aGanadería _zMéxico. _944867 |
| 650 | 1 | 4 |
_aProductos pecuarios. _992156 |
| 901 | _aBK | ||
| 942 | _cLIBRO | ||
| 949 |
_a636.08 S37 _bBC _cLIBRO _d33724000264537 _eLIBRO _fc.7 _h62452 _i11706 _si |
||
| 949 |
_a636.08 S37 _bBC _cLIBRO _d33724000264552 _eLIBRO _fc.2 _gI.143014 _h74254 _i11706 _si |
||
| 949 |
_a636.08 S37 _bBC _cLIBRO _d33724000264578 _eLIBRO _fc.5 _h62450 _i11706 _si |
||
| 949 |
_a636.08 S37 _bBC _cLIBRO _d33724000601241 _eLIBRO _fc.4 _gI.143030 _h74075 _i11706 _si |
||
| 949 |
_a636.08 S37 _bBC _cLIBRO _d33724000829917 _eLIBRO _h62094 _i11706 _si |
||
| 949 |
_a636.08 S37 _bBC _cLIBRO _d33724000890240 _eLIBRO _fc.3 _gI.143029 _h74074 _i11706 _si |
||
| 949 |
_a636.08 S37 _bBC _cLIBRO _d33724000904124 _eLIBRO _fc.6 _h62451 _i11706 _si |
||
| 949 |
_a636.08 S37 _bZ _cLIBRO _d-23802 _eLIBRO _i11706 _si |
||
| 999 |
_c10929 _d10929 |
||